| 000 | 00463nam a2200157 i 4500 | ||
|---|---|---|---|
| 001 | 102348 | ||
| 003 | ES-MaACL | ||
| 005 | 20230906183106.0 | ||
| 007 | t| | ||
| 008 | 051108s1920 bo ||||1| spa d | ||
| 100 | 1 |
_aMercado Moreira, Miguel. _980441 |
|
| 245 | 1 | 3 |
_aEl Chaco Boreal _b: (litigio boliviano-paraguayo) / _cMiguel Mercado Moreira. |
| 260 |
_aLa Paz : _b[s.n.], _c1920 ( _fVelarde) |
||
| 300 |
_aXVII, 230 p. ; _c22 cm. |
||
| 852 |
_aES-MaACL _jF-1844 |
||
| 999 |
_c102348 _d102348 |
||